|
|
|
|
| LEADER |
00000nam0a2200000 4500 |
| 001 |
323238 |
| 005 |
20231102003542.0 |
| 010 |
|
|
|a 9785990694828
|
| 010 |
|
|
|a 978-5-89118-718-4
|
| 035 |
|
|
|a (RuTPU)RU\TPU\book\348796
|
| 090 |
|
|
|a 323238
|
| 100 |
|
|
|a 20161013d2016 k y0rusy50 ca
|
| 101 |
0 |
|
|a rus
|
| 102 |
|
|
|a RU
|
| 105 |
|
|
|a ab z 001zy
|
| 200 |
1 |
|
|a Тектонический кодекс России
|f Межрегиональный центр по геологической картографии (Геокарт) ; гл. ред. А. Ф. Морозов
|
| 210 |
|
|
|a Москва
|c ГЕОС
|c Геокарт
|d 2016
|
| 215 |
|
|
|a 239 с.
|c ил.
|e 2 л. карт
|
| 320 |
|
|
|a Библиогр.: с. 98-104.
|
| 330 |
|
|
|a Тектонический кодекс России — четвертый отечественный кодекс (после стратиграфического, петрографического и металлогенического) — предназначен для использования при геологическом изучении недр и воспроизводстве минерально-сырьевой базы в качестве нормативного и информационно-методического документа, справочного и учебного пособия. Кодекс регламентирует правила выделения и изучения тектонических подразделений (таксонов), устанавливает их классификацию, систематику, таксономию и номенклатуру. Методология и методы исследований при составлении Кодекса основываются на современных концепциях тектоники литосферных плит, тектоники плюмов и глубинной геодинамики, включающих в себя рациональные элементы предыдущих геотектонических гипотез (прежде всего геосинклинальной). С этих теоретических позиций проанализированы фактографические и производные материалы по действующей тектонической и геодинамической понятийной и терминологической базе, классификации и таксономии геотектонических подразделений; даны определения и содержание понятий, терминов, их сочетаний, рекомендуемых для использования в научно-исследовательских и производственных работах, в том числе характеристика площадных и линейных тектонических таксонов, тектонических (геодинамических) процессов и обстановок, вещественных подразделений (структурно-вещественных комплексов, формаций), тектонического и тектономинерагенического картографирования. Кодекс состоит из шести глав, содержит 27 статей и 41 приложение. При его составлении учтены отечественные и мировые разработки в тектонике и смежных областях геологии (минерагении, стратиграфии и литологии, формационном анализе, петрографии и петрологии, геохимии и геофизике и др.). Для геологов широкого профиля, преподавателей и студентов вузов.
|
| 512 |
1 |
|
|a Тектонический кодекс
|
| 606 |
1 |
|
|a Тектоника
|x Россия
|2 stltpush
|3 (RuTPU)RU\TPU\subj\76043
|9 87504
|
| 610 |
1 |
|
|a Тектонический кодекс
|
| 610 |
1 |
|
|a тектонические исследования
|
| 610 |
1 |
|
|a понятия
|
| 610 |
1 |
|
|a термины
|
| 610 |
1 |
|
|a таксоны
|
| 610 |
1 |
|
|a тектонические процессы
|
| 610 |
1 |
|
|a геодинамические процессы
|
| 610 |
1 |
|
|a тектонические обстановки
|
| 610 |
1 |
|
|a картографирование
|
| 675 |
|
|
|a 551.24(47+57)
|v 4
|
| 702 |
|
1 |
|a Морозов
|b А. Ф.
|4 340
|
| 712 |
0 |
2 |
|a Межрегиональный центр по геологической картографии (Геокарт)
|c (Москва)
|2 stltpush
|3 (RuTPU)RU\TPU\col\228
|
| 801 |
|
1 |
|a RU
|b 63413507
|c 20161013
|
| 801 |
|
2 |
|a RU
|b 63413507
|c 20170206
|g RCR
|
| 942 |
|
|
|c BK
|
| 959 |
|
|
|a 78/20161005
|d 1
|e 0
|f ЧЗТЛ:1
|